The crown of Wild Olive and the ethics of the dust (Registro nro. 85914)

Detalles MARC
000 -ENCABEZADO
Número de control [NR] 00510nam a22001577a 4500
008 - DE LONGITUD FIJA DE DATOS DE ELEMENTOS - INFORMACIÓN GENERAL
Elementos de longitud fija [NR] 130821s1909 enk gr eng
040 ## - FUENTE DE CATALOGACION [NR]
Agencia de catalogación original [NR] Co-BoUCM
Idioma de catalogación [NR] spa
041 00 - CODIGO DE IDIOMA [R]
Código de idioma para texto/pista de sonido o título separado [R] Inglés
100 ## - ASIENTO PRINCIPAL--NOMBRE PERSONAL [NR]
Nombre personal [NR] Ruskin, John,1819-1900
ID Autoridad 105130
245 00 - MENCION DE TITULO [NR]
Título [NR] The crown of Wild Olive and the ethics of the dust
Mención de responsabilidad, etc. [NR] John Ruskin
260 ## - PUBLICACION, DISTRIBUCION, ETC. (PIE DE IMPRENTA) [R]
Lugar de publicación, distribución, etc. [R] Londres (Inglaterra)
Nombre del editor, distribuidor, etc. [R] Cassel and Co
Fecha de publicación, distribución, etc. [R] 1909
300 ## - DESCRIPCION FISICA [R]
Extensión [R] 311 páginas
500 ## - NOTA GENERAL [R]
Nota general [NR] Notas a pie de página
942 ## - ELEMENTOS DE ENTRADA AGREGADOS (KOHA)
Tipo de ítem principal el descrito en 300a Libro
Tema principal Literatura
Edición 1
Parte restante de la signatura top. R87
Título oculto en OPAC No
Sistema de clasificación DEWEY
Clasificación 820
Existencias
Signatura topográfica Código de barras Última vez visto Ejemplar Price effective from Tipo de ítem Perdido Sistema de clasificación Dañado No prestable Tipo de ítem específico Suprimido Ubicación habitual Ubicación actual Localización Fecha de creación Forma de adquisición Costo
FCS 820 R87 120001385 26/07/2012 Ej.1 03/02/2013 Libro   DEWEY     Fondos especiales     Archivo Histórico Archivo histórico 28/02/2003 Donación 1000.00